| 000 | 00612nam a22001937a 4500 | ||
|---|---|---|---|
| 003 | OSt | ||
| 005 | 20240719113044.0 | ||
| 008 | 240719b |||||||| |||| 00| 0 eng d | ||
| 020 | _a9780415654395 | ||
| 040 |
_aDDC _cMUST |
||
| 082 | _a338.09 VAN 2006 | ||
| 100 |
_aVandenberg Paul. _911216 |
||
| 245 |
_aThe African-Asian Divide: _bAnalyzing Institutions and Accumulation in Kenya/ _cVandenberg Paul. |
||
| 260 |
_aNY: _bRoutledge ( Taylor & Francis Group) ; _c2006. |
||
| 300 |
_axiii,252p.: _c23cm. |
||
| 504 | _aIncludes Bibliographical Indexes | ||
| 650 |
_aPolitical Economy _9971 |
||
| 942 |
_2ddc _cO_SHELF |
||
| 999 |
_c9250 _d9250 |
||